Normal view
MARC view
- Conklin, Alfred D
Entry Personal Name
001 - CONTROL NUMBER
- control field: 6087
003 - CONTROL NUMBER IDENTIFIER
- control field: OSt
005 - DATE AND TIME OF LATEST TRANSACTION
- control field: 20240222141843.0
008 - FIXED-LENGTH DATA ELEMENTS
- fixed length control field: 240222|| aca||aabn | a|a d
040 ## - CATALOGING SOURCE
- Original cataloging agency: OSt
- Transcribing agency: OSt
100 ## - HEADING--PERSONAL NAME
- Personal name: Conklin, Alfred D
670 ## - SOURCE DATA FOUND
- Source citation: Work cat.: (OSt)13153: Conklin, Alfred D ., Introduction to soil chemistry: Analysis and instrumentation / , 2005.
